Análisis coyuntural de la economía salvadoreña: 1979-1980 /
Պահպանված է:
| Հիմնական հեղինակ: | |
|---|---|
| Ձևաչափ: | Թեզիս |
| Հրապարակվել է: |
San Salvador:
Universidad Centroamericana José Simeón Cañas
|
| Ցուցիչներ: |
Ավելացրեք ցուցիչ
Չկան պիտակներ, Եղեք առաջինը, ով նշում է այս գրառումը!
|
MARC
| LEADER | 00000 a a2200000 04500 | ||
|---|---|---|---|
| 001 | 20935 | ||
| 003 | |||
| 040 | |a CRAI/IIS |c CRAI/IIS | ||
| 090 | |a 08981.00 | ||
| 100 | |a Bigueur, Angela | ||
| 245 | |a Análisis coyuntural de la economía salvadoreña: 1979-1980 / |c Angela Bigueur | ||
| 260 | |a San Salvador: |b Universidad Centroamericana José Simeón Cañas | ||
| 300 | |a 118 páginas | ||
| 502 | |a Tesis (Licenciada en Economía) -- Universidad Centroamericana José Simeón Cañas. Facultad de Ciencias Económicas. Departamento de Economía, 1980 | ||
| 999 | |c 18040 |d 18040 | ||
